1584 1264 1380 1062 1389 1965 1776 1728 1270 1655 1606 1921 1149 1059 1750 1649 1772 1959 1554 1154 1856 1913 1017 1651 1582 1237 1911 1561 1533 1549 1849 1616 1111 1773 1596 1609 1044 1082 1160 1350 1038 1931 1745 1010 1112 1560 1757 1581 1750 1533 1280 1798 1662 1387 1613 1565 1325 1602 1987 1347 1170 1059 1081 1795 1995 1177 1468 1599 1855 1953 1723 1120 1011 1117 1334 1097 1371 1431 1798 1285 1553 1066 1438 1150 1651 1761 1620 1421 1603 1631 1003 1441 1886 1828 1097 1475 1575 1671 1206 BCNSPRNW ULIB Ver.6.0+V

เปลี่ยนเป็นภาษาไทย

Change to English
 แสดงรายละเอียดบรรณานุกรม
  กลับหน้าหลัก

Brief Record : Get Marc (ISO 2709) : E-mail record : QR code < ปิดหน้าต่าง
LEADER : 00000nam 2200000uu 4500
001    13399125279
003     ULIB
008    170327s2557||||th 000 0 tha d
020    ^a9786169121596(ล.21)
060 04 ^aWO100^bส742ศ ล.21
245 00 ^aศัลยศาสตร์ทั่วไป เล่ม 21 =^bCritcal Points in Common Surgery /^cคณะบรรณาธิการ, สุขไชย สาทถาพร ... [และคนอื่นๆ]
246 30 ^aศัลยศาสตร์ทั่วไป
246 30 ^aCritcal Points in Common Surgery
250    ^aพิมพ์ครั้งที่ 1
260    ^aกรุงเทพฯ :^bสำนักพิมพ์กรุงเทพเวชสาร,^c2557
300    ^a376 หน้า :^bภาพประกอบ ;^c22 ซม.
650  7 ^aศัลยศาสตร์
650  7 ^aศัลยกรรม^vรวมเรื่อง
700 0  ^aสุขไชย สาทถาพร
700 0  ^aต้น คงเป็นสุข
700 0  ^aวุตม์ โล่ห์สิริวัฒน์
700 0  ^aธัญญ์ อิงคะกุล
945    ^p0^l0^i001740
945    ^p0^l0^i001741
945    ^p0^l0^i001742
999    ^aวรรณษา ชูชัยมงคล
รายการนี้ยังไม่มีแท็ก
คุณยังไม่ได้ล็อกอิน คุณสามารถมีกิจกรรมร่วมกับเว็บไซต์ได้ แต่ต้องล็อกอินก่อน ::
  ล็อกอิน

รายการสื่อสารสนเทศ

ลำดับที่ ประเภท เลขเรียก/บาร์โค้ด สถานที่ สถานะ
1. วิทยาศาสตร์การแพทย์ และสุขภาพ
วิทยาศาสตร์การแพทย์ และสุขภาพ
สถานะ=หนังสือเก่า
WO100 ส742ศ ล.21 ฉ.1 
  Barcode: 001740
ห้องสมุดวิทยาเขตสวรรค์ประชารักษ์
►ส่วนจัดเก็บหนังสือเก่า สปร
บนชั้น
  ขอยืม
2. วิทยาศาสตร์การแพทย์ และสุขภาพ
วิทยาศาสตร์การแพทย์ และสุขภาพ
WO100 ส742ศ ล.21 ฉ.2 
  Barcode: 001741
ห้องสมุดวิทยาเขตสวรรค์ประชารักษ์
►หนังสือทั่วไป
บนชั้น
3. วิทยาศาสตร์การแพทย์ และสุขภาพ
วิทยาศาสตร์การแพทย์ และสุขภาพ
สถานะ=หนังสือเก่า
WO100 ส742ศ ล.21 ฉ.3 
  Barcode: 001742
ห้องสมุดวิทยาเขตสวรรค์ประชารักษ์
►ส่วนจัดเก็บหนังสือเก่า สปร
บนชั้น
  ขอยืม

รายการใกล้เคียง
    หัวเรื่อง [ศัลยศาสตร์]

BibComment


ยังไม่เคยถูกคอมเมนท์

คอมเมนท์ทรัพยากรรายการนี้
  คอมเมนท์: ศัลยศาสตร์ทั่วไป..


 Copyright 2026. Bcnsprnw @Library